000 00751nam a2200241Ia 4500
001 13289
003 GE_BSU
008 181216s||||||||xx |||||||||||||| ||und||
020 _a9785930932652
040 _cGE_BSU
080 _a004.9
100 _aКудрявцев,Е.М.
245 _aОформление дипломных проектов на компьютере
250 _a2-ое дополн.и перераб.
260 _aМосква
260 _bИзд-во ассоц.строит. вузов
260 _c2010
300 _a416стр.илл.20см.
300 _cБиблиогр.с.407
541 _h42л.
653 _aОформление дипломных проектов на компьютере
942 _cBK
999 _c46451
_d46451